LEADER 01027nas a2200277 i 4500 001 000000189565 003 CaOOAMICUS 005 20100524000000.0 008 090203b2009 it uu u0 0ita r 013 $a167839 040 $aSeMil$bita 245 10$a[2009]. 260 $aMilano :$bISMECC,$c2009. 300 $a1 v. (varie sequenze) ;$c24 cm + [1] allegato. 500 $aIn Allegato : Pieghevole illustrativo. 773 0 $tCultura oggi.$dMilano : ISMECC, 1983.$x0393-4276$w()2172 774 0 $t[SENZA TITOLO]. - 71 p.$w()273028 774 0 $t[SENZA TITOLO]. - 75 p.$w()273029 774 0 $t[SENZA TITOLO]. - 72 p.$w()273030 774 0 $tSguardo puņ vincere la solitudine.$w()273031 774 0 $t[SENZA TITOLO]. - 79 p.$w()273032 850 $aSeMil 852 $aSeMil$W1$xVenegono$y1$m247 5 27$j140196$B140196$CSeMilBibl$Z2$F152189 $85 961 $aOmaggio: Direttore pubblicazione 996 $6245$a[2009]$9(OLS)http://semarc/title/251691 996 $6260$aMilano :$bISMECC$9(OLS)http://semarc/publisher/30593 LEADER 01056nam a2200229 i 4500 001 000000352415 003 CaOOAMICUS 005 20260304110836.0 008 221201s2022 it a d u000 u ita u 020 $a978-88-12-01034-9 040 $aSeMil$bita 245 00$aDizionario dell'italiano Treccani :$bparole da leggere. 264 1$aRoma :$bIstituto della Enciclopedia Italiana,$c2022. 300 $aXVIII, 1276 p. ;$c29 cm. 650 4$aLingua italiana - Dizionari, vocabolari, glossari, etc.$0(OLS)http://semarc/subject/705 773 0 $tVocabolario Treccani.$dRoma : Istituto della Enciclopedia Italiana, 2008-2022.$w()23519 850 $aSeMil 852 $aSeMil$W1$xVenegono$y1$mSL1.K VI 42$j267961$B243595$CSeMilBibl$Z2$F243595 $8I 996 $6020$a978-88-12-01034-9$9(OLS)http://semarc/number/297266 996 $6245$aDizionario dell'italiano Treccani :$bparole da leggere$9(OLS)http://semarc/title/442218 996 $6264$aRoma :$bIstituto della Enciclopedia Italiana$9(OLS)http://semarc/publisher/30014